00369nam a2200157Ia 4500008004100000041000800041082001100049100001600060245002800076250000800104260003300112300000800145542001500153551003500168650000800203220531s9999 xx 000 0 und d aeng a-bHOL aHolzner, S. aPhp: Complete Reference a1ST aNew DelhibMcGraw-Hillc2014 a590 d03-01-2015 aComputer SciencebNon-grant-CS aPHP